000 00361nam a2200145Ia 4500
008 230312s9999||||xx |||||||||||||| ||und||
020 _a84-9936-100-0
082 _a728.37
_bFRE-A
100 _aFrechmann;Lolon
245 0 _aArchitecture inspirations 2
260 _bSpain
_achina
_c2012
300 _a599
650 _aArchitecture
_vArchitecture
942 _cBK
999 _c12718
_d12718